Identifikácia finančných problémov podniku a možnosti ich riešenia diplomová práca

Salvato in:
Dettagli Bibliografici
Autore principale: Kvetanová, Anna
Ente Autore: Fakulta podnikového manažmentu EU. Katedra podnikových financií
Altri autori: Kubranová, Magdaléna, 1956-
Natura: Libro
Lingua:slovacco
Pubblicazione: Bratislava 2008
Tags: Aggiungi Tag
Nessun Tag, puoi essere il primo ad aggiungerne!!

MARC

LEADER 00000nam$a2200000$$$4500
001 0088879
005 20240201115309.2
041 0 |a slo 
044 |a SK 
245 1 0 |a Identifikácia finančných problémov podniku a možnosti ich riešenia  |b diplomová práca  |c Anna Kvetanová ; škol. Magdaléna Kubranová 
264 1 |a Bratislava  |c 2008 
300 |a 76 s. 
100 1 |a Kvetanová, Anna 
700 1 |a Kubranová, Magdaléna, 1956- 
710 2 |a Fakulta podnikového manažmentu EU. Katedra podnikových financií